Normal view
MARC view
- Supervised by Maj (R) Fazal Ahmed and External DS: Dr. Ismail Shah
Entry Personal Name
001 - CONTROL NUMBER
- control field: 131815
003 - CONTROL NUMBER IDENTIFIER
- control field: NUST
005 - DATE AND TIME OF LATEST TRANSACTION
- control field: 20251111181927.0
008 - FIXED-LENGTH DATA ELEMENTS
- fixed length control field: 251111|| aca||aabn | a|a d
040 ## - CATALOGING SOURCE
- Original cataloging agency: NUST
- Transcribing agency: NUST
100 ## - HEADING--PERSONAL NAME
- Personal name: Supervised by Maj (R) Fazal Ahmed and External DS: Dr. Ismail Shah
670 ## - SOURCE DATA FOUND
- Source citation: Work cat.: (NUST)181452: Salman, PC Muhammad (TCC-10) 131814, Real time processing of ADSL modem /, 2002
